000 00660nam a2200241Ia 4500
003 OSt
005 20221005031720.0
006 a|||||r|||| 00| 0
007 ta
008 221004b |||||||| |||| 00| 0 tam d
024 _a63773
037 _cTextual
040 _aCRL
_cCRL
_btam
041 _2tam
_atam
082 _aV2:51xMw, 31L4
100 _aSo.Bharathi Pithan Au.
_9584199
245 0 _aIndia natin Erimalai Thiyakikal
260 _aChennai
_bNew Century Book House India
_c1974
300 _a78p.
_ccm.
650 _aHISTORY
942 _hV2:51xMw, 31L4
_cTEXL
_2cc
999 _c938327
_d938327